| 000 | 00808nam a2200241Ia 4500 | ||
|---|---|---|---|
| 003 | OSt | ||
| 005 | 20221005120417.0 | ||
| 006 | a|||||r|||| 00| 0 | ||
| 007 | ta | ||
| 008 | 221004b |||||||| |||| 00| 0 eng d | ||
| 024 | _a31525 | ||
| 037 | _cTextual | ||
| 040 |
_aCRL _cCRL _beng |
||
| 041 |
_2eng _aeng |
||
| 082 | _a5a5:N5, J8 BB | ||
| 110 |
_aU.S.library of congress. Slavic and central European division ,1. _9629104 |
||
| 245 | 0 |
_aEast and east central Europe _bperiodicals in english and other west European languages, comp by Paul L Horecky and Janina Wojcieka. |
|
| 260 | _c1968 | ||
| 650 |
_aPERIODICALS _946740 |
||
| 700 |
_aU.S.library of congress. Slavic and central European division ,1. _9629105 |
||
| 942 |
_h5a5:N5, J8 BB _cTEXL _2cc |
||
| 999 |
_c1037927 _d1037927 |
||